000 00215 a2200097 4500
001 27741
100 _aWylie, J C
245 _aThe wastes of Civilization
260 _a
_bFaber & Faber Ltd
_c
090 _c18525
_d18525
942 _aNUST-CAE
_cM
_c9475
999 _c262814
_d262814